Film/Series de A à Z - Statistiques

Statistiques générales
  • Ce quiz a été pris 82 fois
  • Le résultat moyen est 10 sur 26
Statistiques - réponses
Par images Réponse % Correct
Forrest Gump
79%
Indiana Jones
72%
Labyrinthe
72%
Poufsouffle
63%
Ratatouille
63%
Chose
54%
Trône de fer
54%
Octopus
53%
Springfield
53%
Ursula
50%
Ewok
39%
Amazones
36%
Geai moqueur
36%
Vector
34%
Decepticon
33%
Na'vi
30%
Marty
29%
Beurk
24%
Wakanda
22%
Xenomorphe
22%
Zurg
22%
Hellfire Club
21%
Yondu
17%
Kryptonite
16%
Jaegers
5%
Quinjet
4%
Aucun quiz correspondant
Distribution des résultats
% des personnes avec chaque résultat
Percentile par nombre de réponses
Votre historique - résultats
Vous n’avez pas pris ce quiz